[Event "NAYCC U12"]
[Site "Kingston CAN"]
[Date "2019.08.19"]
[Round "7.63"]
[White "Lancman, Kyle"]
[Black "Zhong, Kevin"]
[Result "1/2-1/2"]
[WhiteElo "1806"]
[BlackElo "2215"]
[PlyCount "87"]
[EventDate "2019.08.16"]
[EventType "swiss"]
[EventRounds "9"]
[EventCountry "CAN"]

1. e4 c5 2. Nc3 Nc6 3. f4 g6 4. Nf3 Bg7 5. Bb5 Nd4 6. O-O a6 7. Bc4 b5 8. Bd5
Rb8 9. d3 e6 10. Bb3 Ne7 11. Nxd4 Bxd4+ 12. Kh1 d5 13. Ne2 Bg7 14. c3 dxe4 15.
dxe4 Qc7 16. Qe1 Bb7 17. Bc2 f5 18. exf5 exf5 19. Ng3 Bd5 20. Qf2 O-O 21. Be3
Rfc8 22. Bb3 c4 23. Bd1 Rd8 24. Ne2 Nc6 25. Bc2 b4 26. Ba4 bxc3 27. Nxc3 Nb4
28. Nxd5 Nxd5 29. Rab1 Nb4 30. Rfd1 Nd3 31. Qc2 Nxb2 32. Rxd8+ Qxd8 33. Bc1 c3
34. Bb3+ Kh8 35. Bxb2 cxb2 36. Rxb2 Qd4 37. Qc7 Re8 38. Rb1 Qe4 39. Rf1 Qe2 40.
Qc4 a5 41. Qxe2 Rxe2 42. Rd1 Bc3 43. g3 Bb2 44. Bc4 1/2-1/2

[Event "NAYCC U12"]
[Site "Kingston CAN"]
[Date "2019.08.19"]
[Round "7.64"]
[White "Sloan, Jed"]
[Black "Ning, Eric"]
[Result "1/2-1/2"]
[WhiteElo "1942"]
[BlackElo "2135"]
[PlyCount "31"]
[EventDate "2019.08.16"]
[EventType "swiss"]
[EventRounds "9"]
[EventCountry "CAN"]

1. e4 c5 2. Nf3 Nc6 3. d4 cxd4 4. Nxd4 g6 5. c4 Bg7 6. Be3 Nh6 7. h3 O-O 8.
Nxc6 dxc6 9. Qc1 Qa5+ 10. Nc3 Qh5 11. Be2 Bg4 12. f3 Be6 13. g4 Bxc3+ 14. bxc3
Nxg4 15. fxg4 Qe5 16. Qc2 1/2-1/2

[Event "NAYCC U12"]
[Site "Kingston CAN"]
[Date "2019.08.19"]
[Round "7.65"]
[White "Vidyarthi, Vyom"]
[Black "Ajith, Aayush"]
[Result "1-0"]
[WhiteElo "2205"]
[BlackElo "1847"]
[PlyCount "85"]
[EventDate "2019.08.16"]
[EventType "swiss"]
[EventRounds "9"]
[EventCountry "CAN"]

1. d4 Nf6 2. Bf4 e6 3. e3 d5 4. Nf3 Be7 5. h3 b6 6. Nbd2 Bb7 7. Bd3 Nbd7 8. c3
c5 9. O-O O-O 10. Qe2 Ne4 11. Ba6 Nxd2 12. Nxd2 Bxa6 13. Qxa6 Qc8 14. Qe2 Qc6
15. Rfc1 Bd6 16. Bxd6 Qxd6 17. e4 dxe4 18. Nxe4 Qe7 19. Rd1 Rad8 20. a4 cxd4
21. Rxd4 Nf6 22. Rad1 Nxe4 23. Qxe4 g6 24. Qd3 Rxd4 25. Qxd4 Rc8 26. Qd7 Rc7
27. Qxe7 Rxe7 28. Rd8+ Kg7 29. Kf1 Rc7 30. Ke2 Rc4 31. Rd4 Rxd4 32. cxd4 Kf6
33. Kd3 Ke7 34. Kc4 a6 35. a5 Kd6 36. axb6 Kc6 37. b7 Kxb7 38. Kc5 Kc7 39. f4
h6 40. h4 f6 41. g3 h5 42. b3 f5 43. b4 1-0

[Event "NAYCC U12"]
[Site "Kingston CAN"]
[Date "2019.08.19"]
[Round "7.66"]
[White "Weng, Nicholas"]
[Black "Cheung, Ryan"]
[Result "1-0"]
[WhiteElo "1789"]
[BlackElo "2090"]
[PlyCount "145"]
[EventDate "2019.08.16"]
[EventType "swiss"]
[EventRounds "9"]
[EventCountry "CAN"]

1. e4 g6 2. d4 Bg7 3. c4 d6 4. Nc3 e5 5. d5 Ne7 6. Be3 f5 7. f3 O-O 8. Bd3 Nd7
9. Qd2 Nf6 10. g3 fxe4 11. fxe4 Ng4 12. O-O-O Rf2 13. Be2 Qf8 14. Kb1 Nxe3 15.
Qxe3 Bh6 16. Qd3 Rf7 17. h3 a6 18. Nf3 Bd7 19. Rdf1 Qg7 20. Nd1 Re8 21. Ne1 Nf5
22. Nc2 Nd4 23. Rxf7 Qxf7 24. Nce3 Rf8 25. Rf1 Qe7 26. Bg4 Bxg4 27. Nxg4 Bg7
28. Nh2 Rf7 29. h4 Qf8 30. Rxf7 Qxf7 31. Qf1 Qxf1 32. Nxf1 Bh6 33. Nde3 Ne2 34.
Ng4 Bg7 35. Kc2 h5 36. Nge3 Kf7 37. Kd2 Nd4 38. Kd3 Bh6 39. Nc2 Nxc2 40. Kxc2
Kf6 41. b3 g5 42. Nh2 a5 43. Kd3 c6 44. Nf3 g4 45. Nh2 cxd5 46. cxd5 b5 47. a4
bxa4 48. bxa4 Ke7 49. Kc4 Kd7 50. Nf1 Kc7 51. Kb5 Bc1 52. Kxa5 Ba3 53. Ne3 Bc5
54. Nf5 Bf2 55. Kb5 Be1 56. Ka6 Bf2 57. a5 Be1 58. Kb5 Bf2 59. a6 Kd7 60. Ng7
Kc7 61. Nxh5 Be1 62. Nf6 Bxg3 63. h5 Bh4 64. Nxg4 Be7 65. h6 Bf8 66. h7 Bg7 67.
Nh6 Bh8 68. Nf7 Kb8 69. Nxh8 Ka8 70. Ng6 Ka7 71. Ka5 Kb8 72. h8=Q+ Ka7 73. Qh7+
1-0

[Event "NAYCC U12"]
[Site "Kingston CAN"]
[Date "2019.08.19"]
[Round "7.67"]
[White "Wu, Benjamin"]
[Black "Zhang, Chu Hang"]
[Result "0-1"]
[WhiteElo "1731"]
[BlackElo "2101"]
[PlyCount "106"]
[EventDate "2019.08.16"]
[EventType "swiss"]
[EventRounds "9"]
[EventCountry "CAN"]

1. e4 e5 2. Nf3 Nc6 3. Bc4 Be7 4. d4 exd4 5. Nxd4 d6 6. Be3 Nf6 7. f3 Ne5 8.
Be2 d5 9. exd5 Nxd5 10. Bf2 Bg5 11. Nb3 Be6 12. Nc3 Ne3 13. Qxd8+ Rxd8 14. Bxe3
Bxe3 15. Rd1 Ke7 16. Bd3 Nxd3+ 17. Rxd3 Rxd3 18. cxd3 Rd8 19. Ke2 Bb6 20. Ne4
Bxb3 21. axb3 f5 22. Nc3 Kd6 23. Na4 Bd4 24. Kd2 Re8 25. Re1 Rxe1 26. Kxe1 Bg1
27. h3 f4 28. Kd2 Be3+ 29. Kc2 Ke5 30. Nc3 Bc5 31. Kd2 Bb4 32. Ke2 c6 33. Ne4
h6 34. Nf2 Kd4 35. Ne4 b5 36. Nf2 c5 37. Ne4 c4 38. bxc4 bxc4 39. dxc4 Kxc4 40.
Kd1 Kd3 41. h4 Ke3 42. h5 a6 43. Kc2 Ke2 44. Kb3 a5 45. Nc3+ Kf2 46. Nd5 Bd6
47. Ka4 Kxg2 48. Kxa5 Kxf3 49. b4 Ke4 50. Nc3+ Kd3 51. Nd1 f3 52. Nf2+ Ke2 53.
Ne4 Bc7+ 0-1

[Event "NAYCC U12"]
[Site "Kingston CAN"]
[Date "2019.08.19"]
[Round "7.68"]
[White "Zhao, Jeffrey R"]
[Black "He, Samuel"]
[Result "1-0"]
[WhiteElo "2117"]
[BlackElo "1568"]
[PlyCount "135"]
[EventDate "2019.08.16"]
[EventType "swiss"]
[EventRounds "9"]
[EventCountry "CAN"]

1. e4 e5 2. Nf3 Nc6 3. Bc4 Nf6 4. d3 Bc5 5. O-O O-O 6. Bg5 d6 7. c3 Be6 8. Bxe6
fxe6 9. b4 Bb6 10. a4 a5 11. b5 Ne7 12. Nbd2 h6 13. Bxf6 Rxf6 14. Nc4 Ba7 15.
Rb1 Ng6 16. Rb2 Nf4 17. g3 Rg6 18. Kh1 Nh3 19. d4 exd4 20. cxd4 Ng5 21. Nxg5
hxg5 22. Ne3 Qf6 23. Rd2 e5 24. Ng4 Qe6 25. dxe5 dxe5 26. Rd7 Bd4 27. Rxc7 b6
28. Qe2 Qe8 29. Rfc1 Bc5 30. Qc4+ Kh8 31. Qd5 Re6 32. Qd7 Re7 33. Qxe8+ Raxe8
34. Rxe7 Rxe7 35. Kg2 Kh7 36. Kf3 Kg6 37. Ke2 Kf7 38. Ne3 Ke6 39. Nd5 Rd7 40.
f3 g6 41. Kf1 Rb7 42. Kg2 Rd7 43. Rc2 Rb7 44. Kh3 Kf7 45. Kg4 Kg7 46. Kxg5 Rf7
47. Kg4 Kh6 48. f4 exf4 49. gxf4 Rd7 50. Rc3 Kg7 51. Rd3 Re7 52. Nxe7 Bxe7 53.
Rd7 Kf6 54. Rxe7 Kxe7 55. f5 gxf5+ 56. Kxf5 Kf7 57. e5 Ke7 58. e6 Kf8 59. Kf6
Ke8 60. e7 Kd7 61. Kf7 Kc7 62. e8=Q Kb7 63. Qd7+ Ka8 64. h4 Kb8 65. h5 Ka8 66.
h6 Kb8 67. h7 Ka8 68. h8=R# 1-0

[Event "NAYCC U12"]
[Site "Kingston CAN"]
[Date "2019.08.19"]
[Round "7.69"]
[White "Tay, Brian"]
[Black "Srinivasan, Hemant"]
[Result "0-1"]
[WhiteElo "1923"]
[BlackElo "2066"]
[PlyCount "76"]
[EventDate "2019.08.16"]
[EventType "swiss"]
[EventRounds "9"]
[EventCountry "CAN"]

1. e4 c6 2. d4 d5 3. Nc3 dxe4 4. Nxe4 Bf5 5. Ng3 Bg6 6. Nf3 Nd7 7. h4 h6 8. h5
Bh7 9. Bd3 Bxd3 10. Qxd3 Ngf6 11. Bf4 Qa5+ 12. Bd2 Qc7 13. O-O-O e6 14. Ne4
Nxe4 15. Qxe4 Nf6 16. Qe2 O-O-O 17. g3 Bd6 18. Kb1 Rhe8 19. Ne5 Re7 20. c4 Nd7
21. f4 c5 22. Nf3 cxd4 23. Nxd4 a6 24. Qg4 f5 25. Qe2 Nc5 26. Bb4 Ne4 27. Bxd6
Rxd6 28. Qg2 Red7 29. Qg1 Qc5 30. Nxe6 Rxd1+ 31. Qxd1 Rxd1+ 32. Rxd1 Qb6 33.
Rd8+ Qxd8 34. Nxd8 Kxd8 35. c5 Nxc5 36. g4 fxg4 37. f5 g3 38. f6 gxf6 0-1

[Event "NAYCC U12"]
[Site "Kingston CAN"]
[Date "2019.08.19"]
[Round "7.70"]
[White "Li, Thomas"]
[Black "Galvez Villalva, Brian Emiliano"]
[Result "1/2-1/2"]
[WhiteElo "1923"]
[BlackElo "1455"]
[PlyCount "87"]
[EventDate "2019.08.16"]
[EventType "swiss"]
[EventRounds "9"]
[EventCountry "CAN"]

1. e4 c6 2. d4 g6 3. Nc3 d5 4. Nf3 Bg7 5. e5 h6 6. g3 e6 7. Bg2 Ne7 8. Ne2 Nd7
9. c3 Qc7 10. O-O b6 11. Nf4 Bb7 12. Re1 O-O-O 13. b4 c5 14. bxc5 bxc5 15. a4
Nc6 16. Ba3 Bf8 17. Rb1 c4 18. Bxf8 Rdxf8 19. Nd2 Nb6 20. Rb2 Na5 21. Rb5 Nd7
22. Qc2 Bc6 23. Rb4 Nb6 24. Ra1 Qd7 25. Bf3 Kc7 26. Bd1 Rb8 27. Qa2 Rb7 28.
Rab1 Rhb8 29. Qa3 Nc8 30. Rxb7+ Rxb7 31. Ra1 Qe7 32. Qa2 a6 33. Ne2 Na7 34. Nc1
Rb6 35. Qc2 Qd8 36. Na2 Qb8 37. Nb4 Bd7 38. Rb1 Qb7 39. Qa2 N7c6 40. Nxc6 Bxc6
41. Qa3 Rxb1 42. Qd6+ Kc8 43. Qf8+ Kc7 44. Qd6+ 1/2-1/2

[Event "NAYCC U12"]
[Site "Kingston CAN"]
[Date "2019.08.19"]
[Round "7.71"]
[White "Yan, Alex Jikai"]
[Black "Tu, Lawrence"]
[Result "1-0"]
[WhiteElo "1801"]
[BlackElo "1919"]
[PlyCount "81"]
[EventDate "2019.08.16"]
[EventType "swiss"]
[EventRounds "9"]
[EventCountry "CAN"]

1. e4 c5 2. Nf3 d6 3. Be2 Nc6 4. Nc3 Nf6 5. d3 e6 6. O-O Be7 7. h3 O-O 8. Be3
a6 9. a4 b6 10. Qd2 Bb7 11. Rfd1 Qc7 12. d4 cxd4 13. Nxd4 Rfd8 14. Bf3 Ne5 15.
Qe2 Rac8 16. Bd2 Nc4 17. Bc1 h6 18. b3 Ne5 19. Bb2 Nfd7 20. Rd2 Nc5 21. Re1 Bf6
22. Qf1 Nxf3+ 23. gxf3 d5 24. exd5 Bxd5 25. b4 Nb7 26. Rdd1 Bc4 27. Nce2 Rd5
28. f4 Bxe2 29. Qxe2 Qxf4 30. Nxe6 fxe6 31. Qxe6+ Kh7 32. Qxd5 Bxb2 33. Qxb7
Rc4 34. Qd5 Rxb4 35. Qd3+ g6 36. c3 Qg5+ 37. Kf1 Rf4 38. Qd7+ Kg8 39. Re8+ Rf8
40. Qe6+ Kg7 41. Rd7+ 1-0

[Event "NAYCC U12"]
[Site "Kingston CAN"]
[Date "2019.08.19"]
[Round "7.72"]
[White "Latorre, Vincent"]
[Black "Li, Eric"]
[Result "1-0"]
[WhiteElo "1859"]
[BlackElo "1337"]
[PlyCount "77"]
[EventDate "2019.08.16"]
[EventType "swiss"]
[EventRounds "9"]
[EventCountry "CAN"]

1. e4 e5 2. Nf3 Nc6 3. Bc4 Bc5 4. c3 Nf6 5. d3 h6 6. O-O d6 7. Bb3 O-O 8. Nbd2
Re8 9. Re1 Bb6 10. Nf1 d5 11. exd5 Nxd5 12. d4 Nf6 13. Nxe5 Nxe5 14. Rxe5 Rxe5
15. dxe5 Qxd1 16. Bxd1 Ng4 17. Bxg4 Bxg4 18. Ne3 Be6 19. Nc2 Rd8 20. Be3 Bxe3
21. Nxe3 Rd2 22. b3 Kf8 23. Kf1 Ke7 24. Ke1 Rb2 25. c4 Kd7 26. Rd1+ Kc6 27. Rd2
Rxd2 28. Kxd2 Kc5 29. Kc3 a5 30. a3 Kb6 31. f4 Kc6 32. Kd4 Kb6 33. b4 c6 34.
bxa5+ Kxa5 35. Kc5 b5 36. f5 Bc8 37. Kxc6 bxc4 38. Nxc4+ Ka4 39. Nb6+ 1-0

[Event "NAYCC U12"]
[Site "Kingston CAN"]
[Date "2019.08.19"]
[Round "7.73"]
[White "Yuen, Noah"]
[Black "Huang, Youhe"]
[Result "1-0"]
[WhiteElo "1921"]
[BlackElo "2167"]
[PlyCount "119"]
[EventDate "2019.08.16"]
[EventType "swiss"]
[EventRounds "9"]
[EventCountry "CAN"]

1. d4 Nf6 2. c4 e5 3. dxe5 Ng4 4. Bf4 Nc6 5. Nf3 Bb4+ 6. Nbd2 Qe7 7. a3 Bxd2+
8. Qxd2 Ngxe5 9. Nxe5 Nxe5 10. e3 O-O 11. Be2 d6 12. O-O b6 13. Qc3 Ng6 14. Bg3
Bb7 15. b4 f5 16. Rfe1 Qg5 17. Bf1 h5 18. Qd4 Rae8 19. Bf4 Qh4 20. g3 Qd8 21.
Bg2 Bxg2 22. Kxg2 Re4 23. Qd5+ Kh7 24. f3 Ne7 25. Qd3 Re6 26. Rad1 g6 27. Bg5
Qd7 28. e4 Nc6 29. Bf4 Qe7 30. Qd5 Nd8 31. e5 dxe5 32. Rxe5 Re8 33. Qd7 Rxe5
34. Bxe5 Nf7 35. f4 Kh6 36. Rd5 Nxe5 37. Qxe7 Rxe7 38. Rxe5 Rxe5 39. fxe5 g5
40. Kf3 Kg6 41. h4 gxh4 42. gxh4 Kf7 43. Kf4 Ke6 44. b5 Ke7 45. Kxf5 Kf7 46.
e6+ Ke7 47. Ke5 Ke8 48. Kf6 Kf8 49. e7+ Ke8 50. a4 c5 51. bxc6 b5 52. c7 Kd7
53. e8=Q+ Kxc7 54. Qxb5 Kc8 55. Qc6+ Kb8 56. Qd7 a5 57. Ke6 Ka8 58. Kd6 Kb8 59.
Kc6 Ka8 60. Qb7# 1-0

[Event "NAYCC U12"]
[Site "Kingston CAN"]
[Date "2019.08.19"]
[Round "7.74"]
[White "Kou, Daniel"]
[Black "Chan, Jaden"]
[Result "1-0"]
[WhiteElo "1676"]
[BlackElo "1578"]
[PlyCount "79"]
[EventDate "2019.08.16"]
[EventType "swiss"]
[EventRounds "9"]
[EventCountry "CAN"]

1. e4 e5 2. Nf3 Nc6 3. Bb5 a6 4. Ba4 Nf6 5. d3 b5 6. Bb3 Bc5 7. O-O d6 8. c3
Bb7 9. Nbd2 O-O 10. Re1 Bb6 11. Nf1 Re8 12. Ng3 h6 13. h3 Qd7 14. Nh4 Rad8 15.
Qf3 Nh7 16. Nhf5 Ne7 17. Bxf7+ Kh8 18. Bxe8 Rxe8 19. Qg4 Nxf5 20. Nxf5 Nf6 21.
Qg6 Rf8 22. Be3 Bxe3 23. Rxe3 c5 24. Rg3 Bxe4 25. dxe4 Nxe4 26. Nh4 Nxg3 27.
Qxg3 Kg8 28. Rd1 Qe6 29. Qg6 Rf6 30. Qg4 Qe8 31. Qe2 Qc6 32. Nf3 e4 33. Nh2 Rg6
34. f3 exf3 35. Qxf3 Qc8 36. Ng4 Qe8 37. Qd5+ Kh8 38. Rf1 Qe2 39. Rf8+ Kh7 40.
Qg8# 1-0

[Event "NAYCC U12"]
[Site "Kingston CAN"]
[Date "2019.08.19"]
[Round "7.75"]
[White "Su, Kevin"]
[Black "Sharma, Vishruth"]
[Result "1-0"]
[WhiteElo "1882"]
[BlackElo "1794"]
[PlyCount "77"]
[EventDate "2019.08.16"]
[EventType "swiss"]
[EventRounds "9"]
[EventCountry "CAN"]

1. e4 e5 2. Nf3 Nc6 3. Bc4 Nf6 4. d3 Be7 5. O-O d6 6. c3 O-O 7. a4 Be6 8. Nbd2
d5 9. exd5 Bxd5 10. Qe2 Bd6 11. b4 Re8 12. Re1 Bxc4 13. Nxc4 Nd5 14. Bd2 Qf6
15. b5 Nb8 16. Ncxe5 Qe6 17. Qf1 Bxe5 18. Rxe5 Qd7 19. Rae1 Rxe5 20. Nxe5 Qf5
21. d4 Nd7 22. h3 N7f6 23. Qc4 Rd8 24. Nf3 h6 25. Qb3 Qd3 26. Qb1 Qc4 27. Ne5
Qxa4 28. c4 Nb6 29. Qd3 Nbd7 30. Qc3 Nxe5 31. dxe5 Qa2 32. Bf4 Ne8 33. Kf1 Qa4
34. Ke2 c5 35. Ra1 Qb4 36. Qc2 Rd4 37. Ra4 Re4+ 38. Be3 Rxe3+ 39. fxe3 1-0

[Event "NAYCC U12"]
[Site "Kingston CAN"]
[Date "2019.08.19"]
[Round "7.76"]
[White "Lancman, Kaleb"]
[Black "Xu, Jayden"]
[Result "1-0"]
[WhiteElo "1501"]
[BlackElo "1649"]
[PlyCount "119"]
[EventDate "2019.08.16"]
[EventType "swiss"]
[EventRounds "9"]
[EventCountry "CAN"]

1. d4 Nf6 2. Bf4 d5 3. e3 Bf5 4. Nf3 e6 5. Nbd2 c5 6. c3 Nbd7 7. Be2 Be7 8. O-O
O-O 9. Qb3 Qb6 10. Qxb6 axb6 11. Nh4 c4 12. Nxf5 exf5 13. b3 b5 14. bxc4 bxc4
15. Rfb1 Ra7 16. a4 Rfa8 17. Bd1 Nh5 18. Bxh5 g5 19. Bg3 g4 20. Be5 Bf6 21. f4
Bxe5 22. fxe5 f6 23. e6 Nf8 24. e7 Ng6 25. Bxg6 hxg6 26. Rb4 Kf7 27. Rab1 Rb8
28. e8=Q+ Kxe8 29. a5 Kd7 30. Rb5 Kd6 31. Rb6+ Kc7 32. Rxf6 Rxa5 33. Rxg6 Ra2
34. Rd1 Rc2 35. Rf6 Re8 36. Rxf5 Rxe3 37. Rxd5 Rd3 38. Rc5+ Kd7 39. Rxc4 Rdxd2
40. Rxd2 Rxd2 41. d5 g3 42. hxg3 Rxd5 43. Rd4 Ke6 44. Rxd5 Kxd5 45. g4 Ke5 46.
Kf2 Kf4 47. Ke2 Kxg4 48. Kf2 Kf4 49. g3+ Kg5 50. Kf3 Kf5 51. c4 b6 52. g4+ Kg6
53. Kf4 Kf6 54. g5+ Kg7 55. Ke5 Kg6 56. Kd6 Kxg5 57. Kc6 Kf6 58. Kxb6 Ke6 59.
c5 Kd7 60. Kb7 1-0

[Event "NAYCC U12"]
[Site "Kingston CAN"]
[Date "2019.08.19"]
[Round "7.77"]
[White "Bocan, Richard"]
[Black "Hu, Raymond"]
[Result "1-0"]
[WhiteElo "1601"]
[BlackElo "1527"]
[PlyCount "127"]
[EventDate "2019.08.16"]
[EventType "swiss"]
[EventRounds "9"]
[EventCountry "CAN"]

1. d4 Nf6 2. c4 e6 3. Nc3 Bb4 4. Nf3 d5 5. Bg5 Be7 6. cxd5 exd5 7. e3 c6 8. Bd3
Bg4 9. h3 Bh5 10. Rc1 Nbd7 11. O-O Ne4 12. Bxe7 Qxe7 13. Be2 Bg6 14. Bd3 O-O
15. Qc2 Nxc3 16. Qxc3 Bh5 17. Be2 Nf6 18. Rfe1 Ne4 19. Qc2 Bg6 20. Bd3 Ng5 21.
Nd2 Qd7 22. Nf1 Bxd3 23. Qxd3 Ne4 24. Nd2 Nxd2 25. Qxd2 Rfe8 26. Qd3 f5 27. Re2
Re7 28. Rec2 g6 29. b4 a6 30. a4 Re6 31. Rc5 b5 32. axb5 axb5 33. Qc3 Ra6 34.
Ra1 Qa7 35. Rxa6 Qxa6 36. Qb2 Re8 37. Qc3 Rc8 38. Kh2 Qb7 39. g3 Qa6 40. Kg2
Qb7 41. h4 Kg7 42. Qc2 Qa6 43. Rc3 Qb7 44. Ra3 Ra8 45. Qa2 Rxa3 46. Qxa3 Kh6
47. Qa5 Qe7 48. Qa3 Qe4+ 49. Kh2 Qc2 50. Kg2 Qe4+ 51. Kh2 f4 52. gxf4 Kh5 53.
Qa7 h6 54. Qc7 Qf3 55. Qe5+ g5 56. Kg1 Qd1+ 57. Kg2 Qg4+ 58. Kf1 Qd1+ 59. Kg2
Qg4+ 60. Kf1 Kxh4 61. f5 Qd1+ 62. Kg2 Qg4+ 63. Qg3+ Qxg3+ 64. fxg3+ 1-0

[Event "NAYCC U12"]
[Site "Kingston CAN"]
[Date "2019.08.19"]
[Round "7.78"]
[White "Liu, Joshua"]
[Black "Liu, Aaron"]
[Result "0-1"]
[WhiteElo "1562"]
[BlackElo "1565"]
[PlyCount "82"]
[EventDate "2019.08.16"]
[EventType "swiss"]
[EventRounds "9"]
[EventCountry "CAN"]

1. d4 d5 2. Nf3 Nf6 3. Bf4 Bf5 4. e3 e6 5. c3 c5 6. Bxb8 Qxb8 7. Bb5+ Kd8 8.
Ne5 Qc7 9. Nd2 Bd6 10. Ndf3 a6 11. Ba4 Ke7 12. Nd3 b5 13. Bc2 c4 14. Nc1 Bxc2
15. Qxc2 Rhb8 16. Ne2 Kf8 17. Ng3 a5 18. O-O b4 19. Nd2 a4 20. Rfb1 Kg8 21. a3
bxc3 22. Qxc3 Rb7 23. f4 Kh8 24. Kf1 Ra5 25. Ne2 Rab5 26. h3 Qb8 27. Ra2 Bc7
28. Qc2 Ba5 29. Nc3 Bxc3 30. Qxc3 Ng8 31. Ke1 Ne7 32. Kd1 Nc6 33. Kc1 Qd8 34.
Raa1 Qf6 35. Qc2 Ra7 36. b3 axb3 37. Nxb3 Qe7 38. a4 Rxb3 39. Rxb3 cxb3 40.
Qxc6 Rc7 41. Qxc7 Qxc7+ 0-1

[Event "NAYCC U12"]
[Site "Kingston CAN"]
[Date "2019.08.19"]
[Round "7.79"]
[White "Fini, Thomas"]
[Black "Huang, Richard"]
[Result "0-1"]
[WhiteElo "1859"]
[BlackElo "1542"]
[PlyCount "134"]
[EventDate "2019.08.16"]
[EventType "swiss"]
[EventRounds "9"]
[EventCountry "CAN"]

1. e4 e5 2. Nf3 Nc6 3. Bb5 a6 4. Ba4 Nf6 5. d3 b5 6. Bb3 Be7 7. O-O d6 8. c3
O-O 9. Re1 Bb7 10. Nbd2 Nb8 11. Nf1 c5 12. Ng3 Bc8 13. h3 h6 14. Nh2 a5 15. Qf3
a4 16. Bd1 Nc6 17. Nf5 Bxf5 18. exf5 d5 19. Ng4 Nxg4 20. Qxg4 Bg5 21. Bxg5 Qxg5
22. Qxg5 hxg5 23. Bf3 Rad8 24. c4 Nb4 25. Rxe5 Nxd3 26. Rxd5 bxc4 27. Rxd8 Rxd8
28. Rb1 a3 29. bxa3 c3 30. Bd1 Re8 31. Kh2 Re1 32. a4 Nb2 33. Bc2 Rxb1 34. Bxb1
Nxa4 35. Bc2 Nb2 36. a4 Nc4 37. Kg3 Kf8 38. Kf3 Na3 39. Ke2 Nxc2 40. Kd3 Nb4+
41. Kxc3 Ke7 42. Kc4 Kd6 43. a5 Kc6 44. g3 f6 45. f3 Nd5 46. a6 Ne3+ 47. Kd3
Nxf5 48. Kc4 Kb6 49. a7 Kxa7 50. Kxc5 Kb7 51. g4 Nh6 52. Kd5 Kc7 53. Ke4 Kd6
54. f4 Nf7 55. Kf5 gxf4 56. Kxf4 Ke6 57. h4 g5+ 58. Kg3 gxh4+ 59. Kxh4 Ng5 60.
Kh5 Kf7 61. Kh4 Kg6 62. Kg3 Ne6 63. Kh4 Kh6 64. Kh3 Kg5 65. Kg3 Nf8 66. Kf3 Ng6
67. Kg3 Ne5 0-1

[Event "NAYCC U12"]
[Site "Kingston CAN"]
[Date "2019.08.19"]
[Round "7.80"]
[White "Zhang, Henry X"]
[Black "Iyer, Vedanth"]
[Result "1-0"]
[WhiteElo "1624"]
[BlackElo "1525"]
[PlyCount "57"]
[EventDate "2019.08.16"]
[EventType "swiss"]
[EventRounds "9"]
[EventCountry "CAN"]

1. e4 e5 2. Nf3 Nc6 3. Bb5 a6 4. Ba4 Nf6 5. O-O Be7 6. Re1 b5 7. Bb3 O-O 8. h3
Bb7 9. c3 d6 10. d4 Re8 11. Nbd2 h6 12. Nf1 Bf8 13. d5 Ne7 14. Ng3 Ng6 15. Bc2
Bc8 16. Be3 Bd7 17. Qd2 Qc8 18. Bd3 c6 19. Qc2 cxd5 20. exd5 Ne7 21. Rad1 Nexd5
22. Be4 Nxe3 23. Rxe3 Nxe4 24. Nxe4 Bf5 25. Qd2 Bxe4 26. Rxe4 Re6 27. Qd5 Rb8
28. Rg4 Qc4 29. Rxc4 1-0

[Event "NAYCC U12"]
[Site "Kingston CAN"]
[Date "2019.08.19"]
[Round "7.81"]
[White "Huang, Edison"]
[Black "Zhu, Ricky"]
[Result "1-0"]
[WhiteElo "1653"]
[BlackElo "1472"]
[PlyCount "145"]
[EventDate "2019.08.16"]
[EventType "swiss"]
[EventRounds "9"]
[EventCountry "CAN"]

1. e4 c5 2. d3 d6 3. Nd2 Nf6 4. g3 Nc6 5. Bg2 g6 6. Ne2 Bg7 7. O-O O-O 8. f4
Rb8 9. h3 Qc7 10. Nf3 b5 11. c3 a5 12. Be3 b4 13. Qd2 Ba6 14. Nh2 bxc3 15. bxc3
Nd7 16. g4 Rfd8 17. Ng3 Nb6 18. a4 e5 19. f5 Na7 20. f6 Bh8 21. Bh6 d5 22. Qg5
Rd7 23. Nf5 Qd8 24. Ne7+ Rxe7 25. fxe7 Qe8 26. exd5 Bxd3 27. Rf2 Bc4 28. d6 Nd7
29. Be4 Rb6 30. Rd1 Nc8 31. Rfd2 Be6 32. Bf5 Bxf5 33. gxf5 e4 34. Ng4 Bxc3 35.
Nf6+ Bxf6 36. Qxf6 Nxf6 37. d7 Nxd7 38. Rxd7 f6 39. Rd8 Kf7 40. Rxe8 Kxe8 41.
Rd8+ Kxe7 42. Rxc8 Rb2 43. Rxc5 gxf5 44. Rxf5 Ke6 45. Rxa5 Ra2 46. Bg7 f5 47.
Bd4 Rd2 48. Be3 Ra2 49. Ra8 Ke5 50. a5 f4 51. Re8+ Kf5 52. Rf8+ Ke6 53. Rxf4
Rxa5 54. Rxe4+ Kf7 55. Kg2 Rb5 56. Kg3 Kg6 57. Rg4+ Kf7 58. h4 Rb3 59. Kf3 Rb5
60. Rg5 Rb6 61. Ra5 Rb7 62. Ra7 Rxa7 63. Bxa7 Kg6 64. Kg4 h5+ 65. Kf4 Kh6 66.
Kf5 Kh7 67. Bd4 Kg8 68. Kg5 Kh7 69. Bf6 Kg8 70. Kxh5 Kh7 71. Kg5 Kg8 72. Kg6
Kf8 73. h5 1-0

[Event "NAYCC U12"]
[Site "Kingston CAN"]
[Date "2019.08.19"]
[Round "7.82"]
[White "Xie, Austin"]
[Black "Harish, Neeraj"]
[Result "1-0"]
[WhiteElo "1872"]
[BlackElo "1852"]
[PlyCount "89"]
[EventDate "2019.08.16"]
[EventType "swiss"]
[EventRounds "9"]
[EventCountry "CAN"]

1. e4 e5 2. Nf3 Nc6 3. Bc4 Nf6 4. d3 Bc5 5. O-O O-O 6. c3 d5 7. exd5 Nxd5 8.
Bg5 f6 9. Bh4 Be6 10. Nbd2 a6 11. Ne4 Ba7 12. b4 Nce7 13. Qc2 Ng6 14. Bg3 Ngf4
15. Rad1 Kh8 16. d4 f5 17. Neg5 e4 18. Nxe6 Nxe6 19. Ne5 c6 20. h3 Bb8 21. Rc1
Bc7 22. Qe2 Qg5 23. h4 Qe7 24. f4 Bb6 25. Bxd5 cxd5 26. Kh2 Rac8 27. h5 Qe8 28.
Rh1 Rf6 29. Qd1 Rh6 30. Kg1 Nxd4 31. cxd4 Bxd4+ 32. Bf2 e3 33. Nf7+ Kg8 34.
Nxh6+ gxh6 35. Rxc8 exf2+ 36. Kh2 Qxc8 37. Qxd4 Qc2 38. Qxd5+ Kg7 39. Qxb7+ Kg8
40. Qd5+ Kg7 41. Qd4+ Kg8 42. Rd1 Qe2 43. Qd8+ Kf7 44. Rd7+ Ke6 45. Qe7# 1-0

[Event "NAYCC U12"]
[Site "Kingston CAN"]
[Date "2019.08.19"]
[Round "7.83"]
[White "Navala, Anthony"]
[Black "He, Matthew"]
[Result "0-1"]
[WhiteElo "1348"]
[BlackElo "1810"]
[PlyCount "162"]
[EventDate "2019.08.16"]
[EventType "swiss"]
[EventRounds "9"]
[EventCountry "CAN"]

1. d4 d5 2. c4 e6 3. Nc3 Bb4 4. e3 Nf6 5. Nge2 dxc4 6. a3 Ba5 7. Nf4 b5 8. b4
cxb3 9. Qxb3 c6 10. Bd2 O-O 11. Bd3 Bc7 12. Nce2 e5 13. dxe5 Bxe5 14. Rd1 Qc7
15. Bc3 Na6 16. Bxe5 Qxe5 17. Nd4 Nc5 18. Qc2 Bb7 19. Nf3 Nxd3+ 20. Qxd3 Qe7
21. O-O Rfd8 22. Qe2 Qxa3 23. Ra1 Qe7 24. Rfc1 a6 25. Nd4 c5 26. Nb3 c4 27. Na5
Nd5 28. Nxd5 Rxd5 29. Rd1 Rad8 30. Rxd5 Bxd5 31. Rd1 Qc7 32. e4 Bxe4 33. Rxd8+
Qxd8 34. f3 Bd3 35. Qe5 h6 36. Nc6 Qb6+ 37. Nd4 c3 38. Qe3 c2 39. Nxc2 Qxe3+
40. Nxe3 a5 41. Kf2 a4 42. Nd5 a3 43. Nb4 Bc4 44. Ke3 a2 45. Nxa2 Bxa2 46. Kd4
b4 47. Kd3 Bd5 48. Kc2 Kh7 49. h4 h5 50. g3 Bxf3 51. Kb3 Kg6 52. Kxb4 Kf5 53.
Kc3 Kg4 54. Kd2 Kxg3 55. Ke3 Ba8 56. Ke2 Kxh4 57. Kf2 Kh3 58. Kg1 f5 59. Kf2 f4
60. Kf1 g5 61. Kf2 g4 62. Kf1 g3 63. Kg1 g2 64. Kf2 Kh2 65. Ke2 g1=Q 66. Kd2 f3
67. Kd3 f2 68. Kd2 f1=B 69. Kc1 Kg3 70. Kd2 h4 71. Ke1 h3 72. Kd2 h2 73. Kc2
h1=B 74. Kd2 Ba6 75. Kc2 Qe1 76. Kb2 Qe3 77. Kc2 Bhe4+ 78. Kb2 Bad5 79. Ka1
Bac4 80. Kb2 Qd3 81. Ka1 Qd4# 0-1

[Event "NAYCC U12"]
[Site "Kingston CAN"]
[Date "2019.08.19"]
[Round "7.84"]
[White "Srinivas, Atharva"]
[Black "Liu, Kevin"]
[Result "1-0"]
[WhiteElo "1695"]
[BlackElo "1796"]
[PlyCount "129"]
[EventDate "2019.08.16"]
[EventType "swiss"]
[EventRounds "9"]
[EventCountry "CAN"]

1. e4 c5 2. Nc3 Nc6 3. Bc4 e6 4. d3 Nf6 5. a3 d5 6. Ba2 Be7 7. Nf3 O-O 8. O-O
a6 9. Bg5 d4 10. Ne2 e5 11. h3 Ne8 12. Bd2 Kh8 13. Ng3 Nd6 14. Re1 Be6 15. Bd5
Bf6 16. Nh5 Ne7 17. Bxe6 fxe6 18. Ng5 Bxg5 19. Bxg5 h6 20. Bd2 Nc6 21. Qg4 Qe7
22. f4 Ne8 23. fxe5 Nxe5 24. Qg3 Nf7 25. e5 g5 26. Qg4 Ng7 27. h4 Nxh5 28. Qxh5
Kg7 29. Re4 Nh8 30. hxg5 Nf7 31. gxh6+ Kh7 32. Rf1 Nh8 33. Ref4 Rxf4 34. Rxf4
Rf8 35. Rxf8 Qxf8 36. Qg4 Qf7 37. Bg5 Qg6 38. Qe4 Qxe4 39. dxe4 Nf7 40. Be7
Nxe5 41. Bxc5 d3 42. cxd3 Nxd3 43. b4 Kxh6 44. g3 Kg5 45. Kg2 Kg4 46. Bd4 b5
47. Bc3 Nc1 48. Kf2 Nb3 49. Be1 Nd4 50. Bd2 Nc6 51. Bc3 Ne7 52. Be1 Nc6 53. Ke3
Ne5 54. Bf2 Nc4+ 55. Kd4 Nxa3 56. Ke5 Nc2 57. Bc5 Kxg3 58. Kxe6 Ne1 59. e5 Nd3
60. Kd6 Nf4 61. e6 Ng6 62. e7 Nxe7 63. Kxe7 Kf4 64. Kd6 Ke4 65. Kc6 1-0